[Event "Online Olym Div4 B"]
[Site "Chess.com INT"]
[Date "2021.08.21"]
[Round "6.4"]
[White "Nzabanita, Joseph"]
[Black "Al Othman, Abdul Wahab"]
[Result "1-0"]
[WhiteElo "1771"]
[BlackElo "1923"]
[PlyCount "129"]
[EventDate "2021.08.20"]
[EventType "team (rapid)"]
[EventRounds "11"]
[EventCountry "USA"]
[SourceTitle "CBM 203 Extra"]
[Source "ChessBase"]
[SourceDate "2021.09.30"]
[SourceVersion "1"]
[SourceVersionDate "2021.09.30"]
[SourceQuality "1"]
[WhiteTeam "Rwanda"]
[BlackTeam "Kuwait"]
[WhiteTeamCountry "RWA"]
[BlackTeamCountry "KUW"]

1. e4 e5 2. Nf3 Nc6 3. Bb5 a6 4. Ba4 Nf6 5. 0-0 Be7 6. Re1 b5 7. Bb3 d6 8. c3 0-0 9. h3 Na5 10. Bc2 c5 11. d3 Qc7 12. Nbd2 Be6 13. Nf1 Nc6 14. Ng3 d5 15. Qe2 d4 16. Nh4 g6 17. Nf3 Rad8 18. Ng5 Bc8 19. Nf3 Be6 20. Bh6 Rfe8 21. Ng5 Bf8 22. Bxf8 Kxf8 23. Qf3 Kg7 24. Nxe6+ Rxe6 25. Nf1 c4 26. Rad1 cxd3 27. Bxd3 dxc3 28. bxc3 Na5 29. Rc1 Nh5 30. Ne3 Nf4 31. Bf1 Nc4 32. g3 Nd2 33. Qg4 Nd3 34. Bxd3 Rxd3 35. Qe2 Red6 36. Kg2 Nxe4 37. Nd5 R3xd5 38. Qxe4 f5 39. Qe3 Qc6 40. f3 Kg8 41. h4 Rd3 42. Qf2 Rxc3 43. Rxc3 Qxc3 44. Re2 Qd4 45. Qe1 Rd5 46. Qa5 Qc4 47. Rf2 Qc6 48. Qb4 Kf7 49. a4 bxa4 50. Qb8 Kg7 51. Rb2 Rb5 52. Rxb5 Qxb5 53. Qc7+ Kf6 54. Qxh7 Qe2+ 55. Kh3 Qf1+ 56. Kh2 Qxf3 57. Qh8+ Ke6 58. Qe8+ Kd6 59. Qxg6+ Kc5 60. Qxa6 a3 61. Qa5+ Kd4 62. Qb4+ Ke3 63. Qxa3+ Kf2 64. Qxf3+ Kxf3 65. h5 1-0

[Event "Asia Nations online Cup"]
[Site "Chess.com INT"]
[Date "2020.10.10"]
[Round "1.16"]
[White "Hilwani, Talal"]
[Black "Al Othman, Abdul Wahab"]
[Result "1-0"]
[WhiteElo "2274"]
[BlackElo "1930"]
[PlyCount "43"]
[EventDate "2020.10.10"]
[EventType "team-swiss (rapid)"]
[EventRounds "9"]
[EventCountry "IND"]
[SourceTitle "CBM 198 Extra"]
[Source "ChessBase"]
[SourceDate "2020.11.30"]
[SourceVersion "1"]
[SourceVersionDate "2020.11.30"]
[SourceQuality "1"]
[WhiteTeam "Syria"]
[BlackTeam "Kuwait"]
[WhiteTeamCountry "SYR"]
[BlackTeamCountry "KUW"]

1. Nf3 d5 2. c4 c6 3. g3 Nf6 4. Bg2 g6 5. b3 Bg7 6. Bb2 0-0 7. 0-0 Bf5 8. d3 dxc4 9. bxc4 Na6 10. Nbd2 Nc5 11. Rb1 Qa5 12. Nb3 Nxb3 13. Qxb3 Bc8 14. a4 Nd7 15. Bxg7 Kxg7 16. h4 Nc5 17. Qb2+ f6 18. Qa3 Re8 19. Rfd1 Bg4 20. d4 Nxa4 21. Rxb7 Kf8 22. Rb4 1-0